=LDR 00000nam 2200000 4500 =001 INLIS000000000016596 =005 20130612111853 =008 ***********************************Ind** =035 ##$$0010-061300000016596 =041 ##$$a Ind =082 ##$$a 306.095 921 1 =090 ##$$a 306.095 921 1, Rah u =100 ##$$a Raharjo, Joko Muji =245 ##$$a Urang kakekes di Banten Kidul, Djoko Mudji Rahardjo =260 ##$$a 2002 $b Jakarta =300 ##$$a 62 hlm, ilus, 21 cm =650 ##$$a Kebudayaan-Banten =850 ##$$a NBPNMAT